LEADER 00971nam0-22003011i-450- 001 990006136130403321 005 20131030185650.0 035 $a000613613 035 $aFED01000613613 035 $a(Aleph)000613613FED01 035 $a000613613 100 $a20000112d1990----km-y0itay50------ba 101 0 $aita 102 $aIT 105 $a--------00-yy 200 1 $aRapporto di ricerca su: nuove concezioni del modello difensivo italiano$eCentro militare di studi strategici, CEMISS 210 $aRoma$cRM, Rivista militare$d1990 215 $a222 p.$d21 cm 225 1 $aCollana del Centro militare di studi strategici$v19 676 $a355.02 710 02$aCentro militare di studi strategici$0123851 801 0$aIT$bUNINA$gRICA$2UNIMARC 901 $aBK 912 $a990006136130403321 952 $aXII H1 17 (19)$b22271*$fFGBC 959 $aFGBC 996 $aRapporto di ricerca su: nuove concezioni del modello difensivo italiano$9643527 997 $aUNINA LEADER 02679nam 2200493Ia 450 001 996396771603316 005 20221108012738.0 035 $a(CKB)4330000000346511 035 $a(EEBO)2248500937 035 $a(OCoLC)11740368 035 $a(EXLCZ)994330000000346511 100 $a19850227d1664 uy | 101 0 $aeng 135 $aurbn||||a|bb| 200 10$aRome exactly describ'd, as to the present state of it, under Pope Alexandre the Seventh$b[electronic resource] $ein two curious discourses /$fwritten originally in Italian, and translated into English 210 $aLondon $cPrinted by T. Mabb, for Mich. Young ..., and J. Starkey ..., and J. Playfere ...$d1664 215 $a2 pts. ([19], 109; [16], 64 p.) $cport 300 $aPart 1 is a translation of Relazione della corte romana fatta l'anno 1661, previously attributed to Angelo Correr, but now recognized to be by Charles Du Tot. Translation is by John Bulteel (J.B). Cf. Diz. biog. degli Italiani, v. 29, p. 483. Part 2 is a translation of Relatione di Roma del Almaden; cf. BM, v. 206, col. 202. 300 $aPart 2 (A new relation of Rome) appears on reels 430, 487, and 704; part 1 on reel 487 only. 300 $aPort. of Pope Alexander VII engraved by John Chantry. 300 $aPages 19 and 35 of pt. 1 are tightly bound with some loss of text in filmed copy. Pages 10-45 photographed from Bodleian Library copy and inserted at end. 300 $aReproduction of original in: Bodleian Library; Cambridge University Library. 300 $aEntries for N739 and T1927 (both called A new relation of Rome) cancelled in Wing (2nd ed.). 327 $aA relation of the state of the court of Rome made in the year 1661 at the Council of Pregadi / by ... Angelo Corraro ... ; translated out of Italian by J.B. Gent. -- A new relation of Rome ... / taken out of one of the choicest cabinets of Rome, and Englished by Gio. Torriano ... 330 $aeebo-0216 606 $aPapal courts$vEarly works to 1800 606 $aPapacy$vEarly works to 1800 607 $aRome (Italy)$xHistory$y1420-1798 615 0$aPapal courts 615 0$aPapacy 700 $aFerrare du Tot$b Charles de$fd. 1694.$0793143 701 $aCorrer$b Angelo$f1605-1678.$0793144 701 $aChantry$b John$fd. 1662?$01001937 701 $aBulteel$b John$ffl. 1683.$0793145 701 $aTorriano$b Giovanni$01005704 801 0$bEAA 801 1$bEAA 801 2$bm/c 801 2$bEAA 801 2$bWaOLN 906 $aBOOK 912 $a996396771603316 996 $aRome exactly describ'd, as to the present state of it, under Pope Alexandre the Seventh$92336080 997 $aUNISA